[Event "Heraklion Gazi op"]
[Site "Heraklion"]
[Date "2006.09.05"]
[Round "6"]
[White "Sekadakis, Dimitrios"]
[Black "Chatzakis, Georgios"]
[Result "1-0"]
[WhiteElo "1675"]
[BlackElo "1735"]
[PlyCount "66"]
[EventDate "2006.08.31"]
[EventType "swiss"]
[EventRounds "7"]
[EventCountry "GRE"]
[SourceTitle "EXT 2008"]
[Source "ChessBase"]
[SourceDate "2007.11.25"]
[SourceVersion "1"]
[SourceVersionDate "2007.11.25"]
[SourceQuality "1"]

1. d4 d5 2. c4 e5 3. cxd5 Qxd5 4. dxe5 Qxe5 5. Nc3 Bb4 6. Bd2 Nc6 7. Nf3 Qf6 8. a3 Bxc3 9. Bxc3 Qg6 10. e3 Nf6 11. Bd3 Ne4 12. Nh4 Qe6 13. Qc2 Nxc3 14. Qxc3 Qg4 15. Bb5 0-0 16. Qc4 Qxc4 17. Bxc4 Ne5 18. Be2 Be6 19. Nf3 Ng6 20. Nd4 Bd5 21. Bf3 Bxf3 22. Nxf3 c5 23. Ke2 Rfe8 24. g3 b5 25. Rac1 Rac8 26. Rhd1 c4 27. Rd7 a5 28. Rd5 Rb8 29. Nd4 Re5 30. Rd6 Rc5 31. Nb3 Rh5 32. Nxa5 Rxh2 33. Nc6 Re8 1-0

[Event "Heraklion Gazi op"]
[Site "Heraklion"]
[Date "2006.09.04"]
[Round "5"]
[White "Chatzakis, Georgios"]
[Black "Galanakis, Mihail"]
[Result "1-0"]
[WhiteElo "1735"]
[BlackElo "1235"]
[PlyCount "63"]
[EventDate "2006.08.31"]
[EventType "swiss"]
[EventRounds "7"]
[EventCountry "GRE"]
[SourceTitle "EXT 2008"]
[Source "ChessBase"]
[SourceDate "2007.11.25"]
[SourceVersion "1"]
[SourceVersionDate "2007.11.25"]
[SourceQuality "1"]

1. e4 c6 2. d4 d5 3. exd5 cxd5 4. c4 Nf6 5. Nc3 Bf5 6. Qb3 Nc6 7. cxd5 Na5 8. Qa4+ Bd7 9. Bb5 a6 10. Bxd7+ Nxd7 11. Nf3 b5 12. Qd1 Nf6 13. 0-0 Nxd5 14. Ne5 e6 15. Qf3 Nf6 16. b4 Bxb4 17. Ne4 Rc8 18. a4 0-0 19. Nxf6+ Qxf6 20. Qd3 Rc3 21. Qe2 Rfc8 22. Be3 Rc2 23. Qh5 Nb3 24. Bg5 g6 25. Qh4 Qg7 26. Nd7 h5 27. Nf6+ Kf8 28. Nd7+ Ke8 29. Nf6+ Kf8 30. Qf4 Qh8 31. d5 Be7 32. Bh6+ 1-0